Fueguinos (Record no. 5710)

MARC details
000 -CABECERA
campo de control de longitud fija 00811nam a2200217 a 4500
001 - NÚMERO DE CONTROL
campo de control BRCA_6022
005 - FECHA Y HORA DE LA ÚLTIMA TRANSACCIÓN
campo de control 20190320205313.0
008 - DATOS DE LONGITUD FIJA--INFORMACIÓN GENERAL
campo de control de longitud fija 180411s2010----ag-a######---#000-0#spa-#
041 ## - CÓDIGO DE LENGUA
Código de lengua del texto/banda sonora o título independiente spa
044 ## - CÓDIGO DEL PAÍS DE LA ENTIDAD EDITORA/PRODUCTORA
Código MARC del país ag
050 #4 - SIGNATURA TOPOGRÁFICA DE LA BIBLIOTECA DEL CONGRESO
Número de clasificación F2986
Número de documento/Ítem .A48 2010
100 1# - ENTRADA PRINCIPAL--NOMBRE DE PERSONA
Nombre de persona Alvarado Pérez, Margarita
9 (RLIN) 15192
245 10 - MENCIÓN DE TÍTULO
Título Fueguinos
Resto del título tres tiempos, tres miradas : fotografías de Tierra del Fuego siglos XIX y XXI
Mención de responsabilidad, etc. Margarita Alvarado Pérez, Carla Möller Zunino y Pedro Mege Rosso.
260 ## - PUBLICACIÓN, DISTRIBUCIÓN, ETC.
Lugar de publicación, distribución, etc. República Argentina
Nombre del editor, distribuidor, etc. Asociación de Amigos del Museo de Arte Hispanoamericano Isaac Fernández Blanco
Fecha de publicación, distribución, etc. 2010
300 ## - DESCRIPCIÓN FÍSICA
Extensión 59 p.
Otras características físicas il.
Dimensiones 23 cm.
500 ## - NOTA GENERAL
Nota general Año 13, núm. 28
650 14 - PUNTO DE ACCESO ADICIONAL DE MATERIA--TÉRMINO DE MATERIA
Término de materia o nombre geográfico como elemento de entrada Fueguinos
Subdivisión general Trabajos Ilustrados
9 (RLIN) 15193
700 1# - PUNTO DE ACCESO ADICIONAL--NOMBRE DE PERSONA
Nombre de persona Möller Zunino, Carla
9 (RLIN) 15194
700 1# - PUNTO DE ACCESO ADICIONAL--NOMBRE DE PERSONA
Nombre de persona Mege Rosso, Pedro
9 (RLIN) 15195
942 ## - ELEMENTOS DE PUNTO DE ACCESO ADICIONAL (KOHA)
Fuente del sistema de clasificación o colocación Library of Congress Classification
Tipo de ítem Koha Libros
Holdings
Estado de retiro Estado de pérdida Estado dañado No para préstamo Localización permanente Ubicación/localización actual Fecha de adquisición Total de préstamos Signatura topográfica completa Código de barras Fecha visto por última vez Precio válido a partir de Tipo de ítem Koha
El ejemplar forma parte de la colección y puede ser consultado según las políticas vigentes.       Biblioteca del Museo Franz Mayer (Rogerio Casas-Alatriste) Biblioteca del Museo Franz Mayer (Rogerio Casas-Alatriste) 15/04/2011   F2986 .A48 2010 02567 22/03/2019 22/03/2019 Libros